Flores de primavera

Saved in:
Bibliografiske detaljer
Hovedforfatter: Sainte Marie, Victoria (Author)
Format: Bog
Sprog:spansk
Udgivet: Santiago Imprenta de El Correo 1893
Udgivelse:1a. ed
Fag:
Tags: Tilføj Tag
Ingen Tags, Vær først til at tagge denne postø!

MARC

LEADER 00000nam a2200000 a 4500
001 UCJ3319
003 CL-VaPUC
008 070124e18930000CL |||||||||||||||||spa|d
082 0 4 |a Ch861  |b SAI  |2 21 
100 0 |a Sainte Marie, Victoria  |e author  |9 505073 
245 1 0 |a Flores de primavera 
250 |a 1a. ed 
300 |a 152 p 
942 |c BK 
945 |d 20070124 00:00:00  |a rinostro 
260 |a Santiago  |b Imprenta de El Correo  |c 1893 
650 0 |a Poesía chilena   |9 268403 
583 |a last modification  |c 20070124 00:00:00  |k Rodrigo Vera 
999 |c 319441  |d 319439 
952 |0 0  |1 0  |4 0  |6 CH_861_000000000000000_SAI_1893  |7 0  |8 X  |9 397763  |a FDOBUD  |b FDOBUD  |d 2019-11-22  |i 1002090  |o Ch861 SAI 1893  |p 1002090  |r 2019-11-22  |w 2019-11-22  |y BK_X  |k BUD